Australia : (Record no. 23200)
[ view plain ]
| 000 -LEADER | |
|---|---|
| fixed length control field | 00750nam a2200253 i 4500 |
| 001 - CONTROL NUMBER | |
| control field | 23200 |
| 003 - CONTROL NUMBER IDENTIFIER | |
| rucl marc code | BD-RjUL |
| 005 - DATE AND TIME OF LATEST TRANSACTION | |
| control field | 20211209000913.0 |
| 008 - FIXED-LENGTH DATA ELEMENTS--GENERAL INFORMATION | |
| fixed length control field | 140310t19781977nyua b 001 0 eng |
| 020 ## - INTERNATIONAL STANDARD BOOK NUMBER | |
| International Standard Book Number | 0710089295 : |
| 035 ## - SYSTEM CONTROL NUMBER | |
| System control number | (BD-RjUL)23265 |
| 040 ## - CATALOGING SOURCE | |
| Original cataloging agency | DLC |
| Transcribing agency | DLC |
| Modifying agency | DLC |
| -- | BD-RjUL |
| Language of cataloging | eng |
| 041 ## - LANGUAGE CODE | |
| Language code of text/sound track or separate title | eng |
| 082 00 - DEWEY DECIMAL CLASSIFICATION NUMBER | |
| Classification number | 994.06 |
| Author mark and year | AUS 1978 |
| 245 00 - TITLE STATEMENT | |
| Title | Australia : |
| Remainder of title | a geography / |
| Statement of responsibility, etc. | edited by D. N. Jeans. |
| 260 ## - PUBLICATION, DISTRIBUTION, ETC. (IMPRINT) | |
| Place of publication, distribution, etc. | New York : |
| Name of publisher, distributor, etc. | St. Martin's Press, |
| Date of publication, distribution, etc. | c1977 [Reprinted 1978]. |
| 300 ## - PHYSICAL DESCRIPTION | |
| Pagination | vii, 571 p. : |
| Illustrations | ill. ; |
| Size | 26 cm. |
| 504 ## - BIBLIOGRAPHY, ETC. NOTE | |
| Bibliography, etc | Includes bibliographies and indexes. |
| 651 #0 - SUBJECT ADDED ENTRY--GEOGRAPHIC NAME | |
| Geographic name | Australia |
| General subdivision | Geography. |
| 9 (RLIN) | 67894 |
| 700 1# - ADDED ENTRY--PERSONAL NAME | |
| Personal name | Jeans, D. N. |
| Fuller form of name | (Dennis Norman) |
| 942 ## - ADDED ENTRY ELEMENTS (KOHA) | |
| Source of classification or shelving scheme | Dewey Decimal Classification |
| Koha item type | Books |
| Lost status | Source of classification or shelving scheme | Damaged status | Not for loan | Collection code | Permanent Location | Current Location | Shelving location | Date acquired | Source of acquisition | Cost, normal purchase price | Total Checkouts | Full call number | Date last seen | Copy number | Koha item type |
|---|---|---|---|---|---|---|---|---|---|---|---|---|---|---|---|
| Dewey Decimal Classification | Added to bundle | Non-fiction | Central Library, University of Rajshahi | Central Library, University of Rajshahi | Reading Room | 09/04/1982 | Heffers | 15.00 | 994.06 AUS 1978 | 10/03/2014 | C-1 | Books |